Teória a prax riadenia : funkcie spoločenského riadenia /

Uložené v:
Podrobná bibliografia
Hlavný autor: Bajcura, Andrej, 1924- (Author)
Médium: Kniha
Jazyk:Slovak
Vydané: Bratislava : Práca, 1980.
Vydanie:1. vyd.
Edícia:Knižnica ekonomiky práce zv. 2/80
ISBN: (viaz.)
Fyzický popis: 229 s.
Tagy: Pridať tag
Žiadne tagy, Buďte prvý kto otaguje tento záznam!

MARC

LEADER 00000nam a2200000 4500
001 000164607
005 20091122162858.0
008 930103s1980 xo e slo d
020 |a (viaz.) 
040 |a SVKKK  |b slo  |c SVKKK  |e AACR2 
041 0 |a slo 
044 |a xo  |c SK 
100 1 |a Bajcura, Andrej,  |d 1924-  |4 aut 
245 1 0 |a Teória a prax riadenia :  |b funkcie spoločenského riadenia /  |c Andrej Bajcura. 
250 |a 1. vyd. 
260 |a Bratislava :  |b Práca,  |c 1980. 
300 |a 229 s. 
490 1 |a Knižnica ekonomiky práce  |v zv. 2/80 
830 0 |a Knižnica ekonomiky práce  |v zv. 2/80 
910 |a svkkk 
998 |a BK 
090 |g SCKHL  |k Sklad Pribinova 2. posch.  |a II.262840  |j 630167  |i 2720071252  |s Absenčne 
090 |g SCKHL  |k Sklad Pribinova 2. posch.  |a II.262841  |j 630168  |i 164607-20  |s Absenčne 
090 |g SCKHL  |k Sklad Pribinova 2. posch.  |a II.262842  |j 630169  |i 164607-30  |s Absenčne 
090 |g SCKHL  |k Sklad Pribinova 2. posch.  |a II.262843  |j 630170  |i 164607-40  |s Absenčne